All Olivia Dean songs - Statistics

General Stats
  • This quiz has been taken 157 times
    94 since last reset
  • The average score is 21 of 43
Answer Stats
Hint Answer % Correct
The Art ofLoving Man I Need
90%
Messy Dive
87%
Messy Messy
77%
The Art ofLoving A Couple Minutes
75%
The Art ofLoving Baby Steps
75%
The Art ofLoving I've Seen It
75%
The Art ofLoving Lady Lady
71%
The Art ofLoving So Easy (To Fall In Love)
71%
Messy The Hardest Part
69%
The Art ofLoving Nice To Each other
67%
Messy Carmen
63%
Messy Ladies Room
63%
The Art ofLoving Loud
63%
Feature Rein Me In
63%
The Art ofLoving Let Alone The One You Love
60%
Messy UFO
58%
Messy Danger
56%
Single Ok Love You Bye
54%
The Art ofLoving Something Inbetween
52%
Single Be My Own Boyfriend
50%
Messy I Could Be A Florist
48%
The Art ofLoving Close Up
46%
Messy Dangerously Easy
44%
Messy No Man
44%
The Art of Loving The Art Of Loving (Intro)
44%
Single Reason To Stay
42%
Single Echo
40%
Single Password Change
40%
Messy Everybody's Crazy
38%
Single Time
38%
Single Float
37%
Single Touching Toes
35%
Single What Am I Gonna Do On Sundays?
35%
Single It Isn't Perfect But It Might Be
33%
Messy Getting There Interlude
29%
Single Slowly
29%
Single Baby Come Home
27%
Single Crosswords
27%
Single Cross My Mind
25%
Single Out
25%
Single White Trainers
23%
Single Fall Again
19%
Feature No One's Watching Me
15%
No matching quizzes found
Score Distribution
Percent of People with Each Score
Percentile by Number Answered
Your Score History
You have not taken this quiz since the last reset